|
|
|
|
| LEADER |
00000nam0a2200000 4500 |
| 001 |
30932 |
| 005 |
20231030204215.0 |
| 010 |
|
|
|a 5765701884
|
| 035 |
|
|
|a (RuTPU)RU\TPU\book\31208
|
| 035 |
|
|
|a BOOK00031287
|
| 090 |
|
|
|a 30932
|
| 100 |
|
|
|a 20011209d2001 km y0rusy50 ca
|
| 101 |
0 |
|
|a rus
|
| 102 |
|
|
|a RU
|
| 105 |
|
|
|a y e 000zy
|
| 200 |
1 |
|
|a Современный словарь иностранных слов
|e около 7 000 слов, 14 100 словосочетаний и предложений, 1 600 цитат
|f Л. М. Баш [и др.]
|
| 205 |
|
|
|a 2-е изд., стереотип.
|
| 210 |
|
|
|a Москва
|c Цитадель
|d 2001
|
| 215 |
|
|
|a 928 с.
|
| 517 |
1 |
|
|a Толкование. Словоупотребление. Словообразование. Этимология
|
| 610 |
1 |
|
|a русский язык
|
| 610 |
1 |
|
|a словари
|
| 610 |
1 |
|
|a иностранные слова
|
| 610 |
1 |
|
|a толковые словари
|
| 610 |
1 |
|
|a словоупотребление
|
| 610 |
1 |
|
|a словообразование
|
| 686 |
|
|
|a Ш141.2-4
|v LBC/SL-A
|2 rubbk
|
| 701 |
|
1 |
|a Баш
|b Л. М.
|
| 701 |
|
1 |
|a Боброва
|b А. В.
|
| 701 |
|
1 |
|a Вечеслова
|b Г. Л.
|
| 701 |
|
1 |
|a Кимягарова
|b Р. С.
|
| 701 |
|
1 |
|a Сендровиц
|b Е. М.
|
| 801 |
|
0 |
|a RU
|b 63413507
|c 20011209
|g PSBO
|
| 801 |
|
2 |
|a RU
|b 63413507
|c 20190331
|g PSBO
|
| 942 |
|
|
|c BK
|